00819nam a22002297a 4500999001500000001000600015003000900021005001700030008004100047020001800088040003800106082002000144245005800164250001200222260003500234300002900269500002100298650002400319942001200343952011700355952011700472 c6781d678119703BD-DhUAP20210107113745.0210107r20092015ii ||||| |||| 001 0 eng d a9788131717431 aBD-DhUAPbEngcBD-DhUAPdBD-DhUAP 223a658.84 MAR  aMarketing channels / cAnne T. Coughlan ... [et al.]. a7th ed. aNew Delhi :bPearson, cc2011. axx, 564 pages ;c24 cm.  aIncludes index.  aMarketing channels. 2ddccBK 00102ddc4070aDBASLbDBASLcGeneral Stacksd2021-01-07o658.84 MARp3010019703r2021-01-07t1w2021-01-07yBK 00102ddc4070aDBASLbDBASLcGeneral Stacksd2021-01-07o658.84 MARp3010019702r2021-01-07t2w2021-01-07yBK